High Brightness Light Emitting Diodes : (Record no. 16177)
[ view plain ]
| 000 -LEADER | |
|---|---|
| fixed length control field | 00922nam a22002057a 4500 |
| 008 - FIXED-LENGTH DATA ELEMENTS--GENERAL INFORMATION | |
| fixed length control field | 111027s1997 enk|||||r|||| 001 0 eng d |
| 020 ## - INTERNATIONAL STANDARD BOOK NUMBER | |
| International Standard Book Number | 0127521569 |
| 082 ## - DEWEY DECIMAL CLASSIFICATION NUMBER | |
| Edition number | 22 |
| Classification number | 621.3815 |
| Item number | HIG |
| 245 ## - TITLE STATEMENT | |
| Title | High Brightness Light Emitting Diodes : |
| Remainder of title | Semiconductors and Semimetals / |
| Statement of responsibility, etc | Volume editors G. B. Stringfellow, M. George Craford |
| 260 ## - PUBLICATION, DISTRIBUTION, ETC. (IMPRINT) | |
| Place of publication, distribution, etc | San Diego : |
| Name of publisher, distributor, etc | Academic Press, 1997. |
| Date of publication, distribution, etc | 1997 |
| 300 ## - PHYSICAL DESCRIPTION | |
| Extent | xiv, 469 p. : |
| Other physical details | ill. ; |
| Dimensions | 24 cm. |
| 490 ## - Series Statement | |
| -- | 27665 |
| Series statement | Semiconductors and Semimetals ; |
| Volume/sequential designation | v. 48 |
| 504 ## - BIBLIOGRAPHY, ETC. NOTE | |
| Bibliography, etc | Includes bibliographical references and index. |
| 650 ## - SUBJECT ADDED ENTRY--TOPICAL TERM | |
| 9 (RLIN) | 27664 |
| Topical term or geographic name as entry element | Light emitting diodes |
| 653 ## - INDEX TERM--UNCONTROLLED | |
| Resource For college | |
| Arrived date list | October2011 |
| 700 ## - ADDED ENTRY--PERSONAL NAME | |
| 9 (RLIN) | 27666 |
| Personal name | Stringfellow, G. B. |
| Dates associated with a name | 1942- |
| Fuller form of name | (Gerald B.) |
| 700 ## - ADDED ENTRY--PERSONAL NAME | |
| 9 (RLIN) | 27667 |
| Personal name | Craford, M. George |
| Dates associated with a name | 1942- |
| Fuller form of name | (Gerald B.) |
| 942 ## - ADDED ENTRY ELEMENTS (KOHA) | |
| Source of classification or shelving scheme | Dewey Decimal Classification |
| Item type | Book - Borrowing |
| Withdrawn status | Item status | Source of classification or shelving scheme | Damaged status | Not for loan | Vendor | Home library | Current library | Shelving location | Date acquired | Source of acquisition | Cost, normal purchase price | Total Checkouts | Full call number | Barcode | Date last seen | Koha item type |
|---|---|---|---|---|---|---|---|---|---|---|---|---|---|---|---|---|
| Dewey Decimal Classification | سور الازبكية | Central Library | Central Library | First floor | 27/10/2011 | 160.00 | 621.3815 HIG | 000025477 | 15/07/2025 | Book - Borrowing |